[Event "World Blitz 2023"]
[Site "Samarkand UZB"]
[Date "2023.12.29"]
[EventDate "2023.12.29"]
[Round "4.57"]
[Result "1-0"]
[White "Mikhail Bryakin"]
[Black "Khumoyun Begmuratov"]
[WhiteElo "2495"]
[BlackElo "2276"]
[PlyCount "144"]

1. d4 Nf6 2. Nc3 d5 3. Bf4 e6 4. Nb5 Na6 5. e3 c6 6. Nc3 Nc7 7. Nf3 Bd6 8.
Ne5 Qe7 9. Bd3 O-O 10. Qf3 Nd7 11. O-O-O c5 12. Qg3 Bxe5 13. dxe5 c4 14.
Be2 b5 15. Bg5 f6 16. exf6 Nxf6 17. e4 dxe4 18. Nxe4 Nxe4 19. Bxe7 Nxg3 20.
hxg3 Re8 21. Bf3 Nd5 22. Rxd5 exd5 23. Bxd5+ Kh8 24. Bxa8 Ba6 25. Be4 Rxe7
26. Bxh7 g5 27. Be4+ Kg8 28. f3 b4 29. c3 bxc3 30. bxc3 Bc8 31. Re1 Kg7 32.
Kd2 Rd7+ 33. Ke3 Kf6 34. Rb1 Rd6 35. Rb4 Be6 36. Rb1 Ra6 37. Rb2 Rd6 38. g4
a6 39. Rd2 Rb6 40. Bd5 Bxd5 41. Rxd5 Rb2 42. Ra5 Rxg2 43. Rxa6+ Kf7 44. Ke4
Rd2 45. Ra4 Rc2 46. Rxc4 Rxa2 47. Rc6 Ra4+ 48. c4 Ra3 49. Rc8 Rc3 50. f4
gxf4 51. Kxf4 Rc1 52. Kg5 Rc2 53. Rc7+ Ke6 54. Kg6 Kd6 55. Rc8 Kd7 56. Rc5
Kd6 57. Rd5+ Ke6 58. Rd1 Ke5 59. g5 Rxc4 60. Rf1 Rc6+ 61. Kh7 Rc7+ 62. Kh6
Rc2 63. g6 Rh2+ 64. Kg7 Ke6 65. Kg8 Rg2 66. g7 Ke7 67. Re1+ Kd6 68. Re4 Kd5
69. Re8 Rh2 70. Kf7 Rf2+ 71. Ke7 Re2+ 72. Kd7 1-0

[Event "World Blitz 2023"]
[Site "Samarkand UZB"]
[Date "2023.12.29"]
[EventDate "2023.12.29"]
[Round "4.58"]
[Result "0-1"]
[White "Deshun Xiu"]
[Black "Haowen Xue"]
[WhiteElo "2493"]
[BlackElo "2155"]
[PlyCount "36"]

1. d4 d5 2. Nf3 Nf6 3. e3 e6 4. Bd3 Bd6 5. O-O b6 6. Nbd2 Bb7 7. Qe2 Ne4 8.
b3 Nd7 9. Bb2 O-O 10. Ba6 Bxa6 11. Qxa6 Qf6 12. c4 Qh6 13. g3 Ndf6 14. cxd5
exd5 15. Qe2 Qh3 16. Ne5 Nxd2 17. Qxd2 Ne4 18. Qe2 0-1

[Event "World Blitz 2023"]
[Site "Samarkand UZB"]
[Date "2023.12.29"]
[EventDate "2023.12.29"]
[Round "4.59"]
[Result "1-0"]
[White "Munkhdalai Amilal"]
[Black "Roman Kezin"]
[WhiteElo "2293"]
[BlackElo "2492"]
[PlyCount "130"]

1. e4 c5 2. Nf3 e6 3. b3 b6 4. c4 Bb7 5. Nc3 Nc6 6. Bb2 Nd4 7. Bd3 Nf6 8.
O-O Be7 9. Nxd4 cxd4 10. Ne2 e5 11. f4 d6 12. Ng3 O-O 13. Ba3 g6 14. Qf3
Nd7 15. Rae1 a5 16. Qf2 exf4 17. Qxf4 Ne5 18. Bb1 h5 19. Qf2 d3 20. Bb2 h4
21. Nf5 gxf5 22. Qxf5 Bc8 23. Qf2 Bg5 24. Qd4 Be6 25. Ba3 Ra7 26. Bxd3 f6
27. Be2 Rg7 28. Kh1 Qd7 29. d3 Nc6 30. Qf2 Ne5 31. d4 Ng4 32. Bxg4 Bxg4 33.
Bb2 Re7 34. d5 Ref7 35. h3 Bh5 36. Qxb6 a4 37. b4 Bg6 38. c5 dxc5 39. bxc5
Re8 40. c6 Qd6 41. Qd4 Rfe7 42. Qc3 Bxe4 43. Ba3 Qxd5 44. Bxe7 Bxg2+ 45.
Kg1 Bxf1 46. Kxf1 Qh1+ 47. Kf2 Qh2+ 48. Kf1 Bd2 49. Qc4+ Kg7 50. Bxf6+ Kxf6
51. Rxe8 Qxh3+ 52. Ke2 Bg5 53. Rf8+ Ke7 54. Rf7+ Ke8 55. Rd7 Qg2+ 56. Kd3
Qf1+ 57. Kd4 Bf6+ 58. Kc5 Qf2+ 59. Kb5 Qf5+ 60. Ka6 Be7 61. Qg8+ Bf8 62.
Qc4 Qf3 63. Rd5 Be7 64. c7 Qf6+ 65. Kb7 1-0

[Event "World Blitz 2023"]
[Site "Samarkand UZB"]
[Date "2023.12.29"]
[EventDate "2023.12.29"]
[Round "4.60"]
[Result "1-0"]
[White "Kanan Garayev"]
[Black "Sandipan Chanda"]
[WhiteElo "2260"]
[BlackElo "2490"]
[PlyCount "108"]

1. e4 c5 2. c3 Nf6 3. e5 Nd5 4. Nf3 Nc6 5. d4 cxd4 6. cxd4 d6 7. Bc4 Nb6 8.
Bb5 dxe5 9. Nxe5 Bd7 10. Nxd7 Qxd7 11. O-O Rd8 12. Nc3 e6 13. Qg4 h5 14.
Qf3 a6 15. Bxc6 Qxc6 16. Qxc6+ bxc6 17. Bf4 Rxd4 18. Be3 Rb4 19. Bxb6 Rxb6
20. Na4 Rb4 21. b3 Bd6 22. Rac1 Kd7 23. Rfd1 Kc7 24. Rd3 Rc8 25. Rdc3 Kb7
26. Rd3 Be7 27. g3 h4 28. Kg2 Rb5 29. Rf3 f6 30. Re3 e5 31. gxh4 Rh8 32.
Rg3 Bf8 33. Rgc3 c5 34. Rd3 Rxh4 35. Rd7+ Kc6 36. Rf7 Rb8 37. Ra7 Kb5 38.
Nb2 Kb6 39. Rd7 Rd4 40. Nc4+ Kb5 41. Ra7 e4 42. Ne3 g6 43. Rf7 f5 44. Rc2
Bd6 45. Nc4 Rd8 46. Rf6 f4 47. h4 f3+ 48. Kh3 Rd1 49. Ne3 Rh1+ 50. Kg4 Rg1+
51. Kh3 Be5 52. a4+ Kb4 53. Rb6+ Ka3 54. Nc4# 1-0

[Event "World Blitz 2023"]
[Site "Samarkand UZB"]
[Date "2023.12.29"]
[EventDate "2023.12.29"]
[Round "4.61"]
[Result "1-0"]
[White "Mukhammadali Abdurakhmonov"]
[Black "Murtas Kazhgaleyev"]
[WhiteElo "2214"]
[BlackElo "2488"]
[PlyCount "114"]

1. d4 d6 2. e4 Nf6 3. f3 c5 4. dxc5 Qa5+ 5. Nc3 Qxc5 6. Nge2 g6 7. Nd4 Bg7
8. Be3 Qa5 9. Nb3 Qd8 10. Qd2 Nc6 11. O-O-O Be6 12. g4 Rc8 13. Kb1 O-O 14.
h4 Ne5 15. Qf2 Rxc3 16. bxc3 Nxf3 17. g5 Nxe4 18. Qxf3 Nxc3+ 19. Kc1 Qc7
20. Bd3 Bd5 21. Qh3 Nxd1 22. Rxd1 Rc8 23. Kd2 Be6 24. Qf3 a5 25. Ke2 Qd7
26. Rg1 Qa4 27. Qxb7 Qxa2 28. Nd4 a4 29. Qa6 a3 30. Nxe6 Qxe6 31. Qxa3 Bd4
32. Rg3 Qe5 33. Rf3 Qh2+ 34. Rf2 Qxh4 35. Bxd4 Qxd4 36. Qa6 Rf8 37. Qb5 d5
38. Kf1 e6 39. Qd7 Qe5 40. Qe7 Qe3 41. Qf6 Qa7 42. Qf4 Qe7 43. Kg2 Rc8 44.
Qe5 Rd8 45. Kf3 d4 46. Ke2 Rd5 47. Qf6 Qxf6 48. gxf6 h5 49. Be4 Ra5 50. Kd3
Ra4 51. Rf1 Rb4 52. Ra1 Rb8 53. Kxd4 Kh7 54. c4 Rd8+ 55. Ke5 Kh6 56. c5 Rc8
57. c6 1-0

[Event "World Blitz 2023"]
[Site "Samarkand UZB"]
[Date "2023.12.29"]
[EventDate "2023.12.29"]
[Round "4.62"]
[Result "1-0"]
[White "Jakub Kosakowski"]
[Black "David Bogdan"]
[WhiteElo "2485"]
[BlackElo "1880"]
[PlyCount "48"]

1. e4 c5 2. Nf3 Nc6 3. d4 cxd4 4. Nxd4 Qc7 5. Nc3 e6 6. Be3 Nf6 7. f4 d6 8.
Qf3 a6 9. O-O-O Bd7 10. Kb1 Be7 11. Bd3 O-O-O 12. Nb3 Kb8 13. g4 Bc8 14. a3
g6 15. g5 Nd7 16. Qf2 h5 17. h4 Rhf8 18. Rhe1 Nc5 19. Nxc5 dxc5 20. e5 Nd4
21. Ne4 b6 22. Nd6 Bxd6 23. exd6 Rxd6 24. f5 Nxf5 1-0

[Event "World Blitz 2023"]
[Site "Samarkand UZB"]
[Date "2023.12.29"]
[EventDate "2023.12.29"]
[Round "4.63"]
[Result "1-0"]
[White "David Akhmedov"]
[Black "Bardiya Daneshvar"]
[WhiteElo "2154"]
[BlackElo "2483"]
[PlyCount "92"]

1. e4 c5 2. Nf3 e6 3. d3 Nc6 4. g3 d5 5. Nbd2 Nf6 6. Bg2 Be7 7. O-O O-O 8.
e5 Nd7 9. Re1 b5 10. Nf1 a5 11. h4 a4 12. Bf4 b4 13. Qc1 Qe8 14. N1h2 a3
15. b3 f6 16. exf6 Nxf6 17. Ng5 Nd4 18. Be5 Ra6 19. Qd2 Nf5 20. Re2 h6 21.
Ngf3 Nd7 22. Rae1 Nxe5 23. Nxe5 Nd4 24. Re3 Bf6 25. Nhg4 Ra7 26. Nxf6+ gxf6
27. Nf3 Nb5 28. d4 Nc3 29. Rxc3 bxc3 30. Qxh6 e5 31. dxe5 Bf5 32. exf6 Qg6
33. Qxg6+ Bxg6 34. Ne5 Bxc2 35. Bxd5+ Kh7 36. Rc1 Bf5 37. Rxc3 Rxf6 38.
Rxc5 Rb6 39. Nc4 Rb8 40. Nd2 Rd8 41. Nc4 Bb1 42. h5 Bxa2 43. Be4+ Kh8 44.
Ne5 Bxb3 45. Ng6+ Kg7 46. h6+ 1-0

[Event "World Blitz 2023"]
[Site "Samarkand UZB"]
[Date "2023.12.29"]
[EventDate "2023.12.29"]
[Round "4.64"]
[Result "0-1"]
[White "Shahruh Turayev"]
[Black "Ilia Iljiushenok"]
[WhiteElo "2168"]
[BlackElo "2479"]
[PlyCount "44"]

1. e4 c6 2. d4 d5 3. exd5 cxd5 4. c4 Nf6 5. Nc3 g6 6. Bg5 Ne4 7. Be3 Nxc3
8. bxc3 Bg7 9. Nf3 O-O 10. Bd3 dxc4 11. Bxc4 Qc7 12. Qe2 b5 13. Bd5 Qxc3+
14. Nd2 Qxa1+ 15. Qd1 Qxd1+ 16. Kxd1 Nc6 17. Bxc6 Rb8 18. d5 Bb7 19. Bxa7
Ra8 20. Bb6 Bxc6 21. dxc6 Rxa2 22. Ke2 Ra6 0-1

[Event "World Blitz 2023"]
[Site "Samarkand UZB"]
[Date "2023.12.29"]
[EventDate "2023.12.29"]
[Round "4.65"]
[Result "0-1"]
[White "Sergey Sklokin"]
[Black "Chongsheng Zeng"]
[WhiteElo "1995"]
[BlackElo "2504"]
[PlyCount "48"]

1. e4 c5 2. Nf3 d6 3. c3 Nf6 4. Be2 Bd7 5. d3 g6 6. O-O Bg7 7. h3 Nc6 8.
Be3 O-O 9. Nbd2 e5 10. c4 Nh5 11. Re1 Nf4 12. Nf1 h6 13. Ng3 Kh7 14. Qd2
Ne6 15. Nh2 Ned4 16. Bxd4 Nxd4 17. Nf3 Ne6 18. Nh2 h5 19. Qd1 Qg5 20. Nf3
Qf6 21. Nf1 Nf4 22. Ne3 Bh6 23. Nd5 Nxd5 24. cxd5 b5 0-1

[Event "World Blitz 2023"]
[Site "Samarkand UZB"]
[Date "2023.12.29"]
[EventDate "2023.12.29"]
[Round "4.66"]
[Result "1-0"]
[White "Xiangyu Xu"]
[Black "Gallego Alcaraz, Andres Felipe"]
[WhiteElo "2491"]
[BlackElo "2384"]
[PlyCount "60"]

1. d4 Nf6 2. c4 g6 3. Nc3 Bg7 4. e4 d6 5. Be2 O-O 6. Be3 Nbd7 7. Nf3 e5 8.
d5 Ng4 9. Bg5 f6 10. Bh4 Nh6 11. Nd2 g5 12. Bg3 f5 13. f3 f4 14. Bf2 Nf6
15. c5 Nf7 16. Nc4 h5 17. Qc2 g4 18. O-O-O Qe7 19. cxd6 cxd6 20. Kb1 Bd7
21. Qb3 Rfb8 22. Nb5 Bxb5 23. Qxb5 Qe8 24. Qb4 Qd7 25. Rc1 Bf8 26. Na5 Nd8
27. Rc2 Rc8 28. Rhc1 Rxc2 29. Rxc2 Be7 30. Bb5 1-0

[Event "World Blitz 2023"]
[Site "Samarkand UZB"]
[Date "2023.12.29"]
[EventDate "2023.12.29"]
[Round "4.67"]
[Result "0-1"]
[White "Akmal Fayzullaev"]
[Black "Kazybek Nogerbek"]
[WhiteElo "2342"]
[BlackElo "2488"]
[PlyCount "76"]

1. d4 Nf6 2. c4 e6 3. Nc3 d5 4. Nf3 Nbd7 5. cxd5 exd5 6. Bf4 Bb4 7. e3 c5
8. Bd3 O-O 9. O-O Qa5 10. Qc2 b6 11. Ne2 c4 12. Bf5 Re8 13. a3 Be7 14. Ne5
Nxe5 15. dxe5 Bxf5 16. Qxf5 Ne4 17. Nd4 Bc5 18. e6 fxe6 19. Nxe6 Bf8 20. f3
d4 21. Qxa5 bxa5 22. Nc7 Nd2 23. Rfd1 Nb3 24. Rab1 d3 25. Nxa8 Rxa8 26. Be5
Bc5 27. Kf2 Kf7 28. Rbc1 Nxc1 29. Rxc1 Rc8 30. f4 Be7 31. Kf3 Bf6 32. Ke4
Bxe5 33. Kxe5 Ke7 34. Kd4 Rb8 35. Kc3 Kd6 36. Kd4 Rxb2 37. Kxc4 Rc2+ 38.
Kd4 0-1

[Event "World Blitz 2023"]
[Site "Samarkand UZB"]
[Date "2023.12.29"]
[EventDate "2023.12.29"]
[Round "4.68"]
[Result "0-1"]
[White "Timur Yonal"]
[Black "Grzegorz Nasuta"]
[WhiteElo "1862"]
[BlackElo "2467"]
[PlyCount "66"]

1. e4 c5 2. Nf3 d6 3. Bb5+ Bd7 4. Bxd7+ Nxd7 5. O-O Ngf6 6. Re1 e6 7. c3
Be7 8. d4 O-O 9. Bf4 Rc8 10. Nbd2 Qb6 11. Rb1 cxd4 12. cxd4 Qa6 13. Qb3 Nb6
14. Rbc1 Qa4 15. Kf1 Qxb3 16. axb3 d5 17. e5 Nfd7 18. Ke2 Nb8 19. Nb1 Nc6
20. Na3 Na5 21. Nb5 a6 22. Nd6 Bxd6 23. exd6 Nxb3 24. Rc7 Rxc7 25. dxc7 Rc8
26. Kd3 Na8 27. Nd2 Na5 28. Rc1 Nc6 29. Nb3 Nxc7 30. Nc5 Nb5 31. Nxb7 Nb4+
32. Kd2 Rxc1 33. Kxc1 Nd3+ 0-1

[Event "World Blitz 2023"]
[Site "Samarkand UZB"]
[Date "2023.12.29"]
[EventDate "2023.12.29"]
[Round "4.69"]
[Result "0-1"]
[White "Mohamed Tissir"]
[Black "Saidakbar Saydaliev"]
[WhiteElo "2458"]
[BlackElo "2323"]
[PlyCount "106"]

1. e4 e5 2. Nf3 Nc6 3. Bc4 Nf6 4. d3 Be7 5. O-O O-O 6. Re1 d6 7. a4 Kh8 8.
a5 a6 9. c3 Ng8 10. d4 Bg4 11. dxe5 Bxf3 12. Qxf3 Nxe5 13. Qe2 Nxc4 14.
Qxc4 f5 15. exf5 Rxf5 16. Nd2 Qd7 17. Qe6 Qxe6 18. Rxe6 Raf8 19. Nf3 Bf6
20. Be3 Ne7 21. Nd4 Bxd4 22. Bxd4 Nc6 23. Be3 Kg8 24. b4 Rd5 25. Re4 Rd3
26. Rc4 Rf5 27. h3 Rfd5 28. Ra2 Rd1+ 29. Kh2 Re1 30. Rc2 h6 31. Re4 Kf7 32.
Rb2 Rdd1 33. c4 Rb1 34. Rxb1 Rxb1 35. Rf4+ Ke8 36. c5 Rxb4 37. cxd6 cxd6
38. Rf5 Rb5 39. Rf4 Rxa5 40. Rg4 Kf7 41. Rc4 Rb5 42. g4 a5 43. Kg3 Rb4 44.
Rc3 a4 45. Rd3 Ke6 46. Bf4 d5 47. f3 Rb3 48. Rd2 a3 49. Re2+ Kd7 50. Rd2 d4
51. Ra2 b5 52. Bc1 b4 53. Bd2 Rb2 0-1

[Event "World Blitz 2023"]
[Site "Samarkand UZB"]
[Date "2023.12.29"]
[EventDate "2023.12.29"]
[Round "4.70"]
[Result "1-0"]
[White "Abdumajid Botiraliev"]
[Black "Venkataraman Karthik"]
[WhiteElo "1515"]
[BlackElo "2440"]
[PlyCount "80"]

1. e4 a6 2. d4 c6 3. Bd3 d5 4. exd5 cxd5 5. c3 Nc6 6. Bf4 g6 7. Nf3 Bg7 8.
O-O Nh6 9. Nbd2 O-O 10. Re1 f6 11. c4 Nf7 12. cxd5 Nb4 13. Bc4 b5 14. Bb3
Bb7 15. Ne4 Bxd5 16. Nc5 Re8 17. Ne6 Bxe6 18. Bxe6 Rf8 19. Qb3 Nc6 20. d5
Na5 21. Qc2 Nc4 22. b3 Nd6 23. Rac1 Kh8 24. Nd4 Ne5 25. Nc6 Nxc6 26. dxc6
Qc7 27. Bd7 e5 28. Be3 Rfd8 29. Qc5 Nc8 30. Red1 Bf8 31. Qd5 Kg7 32. Qe6
Nb6 33. h4 Nxd7 34. cxd7 Qb7 35. h5 gxh5 36. Rc6 Kh8 37. Qxf6+ Bg7 38. Qe6
Rf8 39. Bb6 Rf6 40. d8=Q+ 1-0

[Event "World Blitz 2023"]
[Site "Samarkand UZB"]
[Date "2023.12.29"]
[EventDate "2023.12.29"]
[Round "4.71"]
[Result "1-0"]
[White "Iturrizaga Bonelli, Eduardo"]
[Black "Rojas Salas, Steven"]
[WhiteElo "2645"]
[BlackElo "2210"]
[PlyCount "142"]

1. c4 e6 2. Nf3 d5 3. e3 Nf6 4. b3 b6 5. Bb2 Bb7 6. g3 dxc4 7. bxc4 c5 8.
Bg2 Be7 9. O-O O-O 10. Qe2 Nbd7 11. d3 Qc7 12. Nc3 a6 13. a4 Rad8 14. a5
bxa5 15. h3 Nb8 16. g4 Nc6 17. Rfd1 Rc8 18. Ne1 Rfd8 19. f4 Ne8 20. g5 Nd6
21. h4 Nb4 22. Nf3 Nf5 23. Rd2 Bd6 24. Rad1 Bc6 25. Qf2 Qb7 26. h5 a4 27.
h6 Bf8 28. Ba1 a3 29. e4 Nd4 30. Ne5 Nb3 31. Ne2 Nxa1 32. Rxa1 a2 33. Ng3
Ba4 34. Nh5 Nc2 35. Rxc2 Bxc2 36. Qxc2 Rb8 37. Qxa2 Qb4 38. hxg7 Bxg7 39.
Nxg7 Kxg7 40. Rf1 Qc3 41. Qxa6 Qd4+ 42. Kh1 Ra8 43. Qb7 Rf8 44. Qe7 Ra1 45.
Qf6+ Kg8 46. Rxa1 Qxa1+ 47. Kh2 Qe1 48. Qh6 Qf2 49. Nf3 Rd8 50. f5 exf5 51.
exf5 Qe3 52. f6 Qf4+ 53. Kh3 Qf5+ 54. Kg3 Qg6 55. Qxg6+ hxg6 56. Ne5 Re8
57. Kf4 Rd8 58. Bd5 Kh7 59. Nxf7 Rb8 60. Nd6 Rb1 61. Ne4 Rf1+ 62. Ke5 Rf3
63. Nxc5 Rf5+ 64. Ke6 Rxg5 65. Ne4 Rf5 66. c5 Rf1 67. c6 Rc1 68. Bc4 Rb1
69. c7 Rb6+ 70. Nd6 Rc6 71. c8=Q 1-0

[Event "World Blitz 2023"]
[Site "Samarkand UZB"]
[Date "2023.12.29"]
[EventDate "2023.12.29"]
[Round "4.72"]
[Result "0-1"]
[White "Jamshid Mustafaev"]
[Black "Khalil Nafri"]
[WhiteElo "2323"]
[BlackElo "2151"]
[PlyCount "110"]

1. Nf3 Nf6 2. g3 g6 3. Bg2 Bg7 4. O-O O-O 5. d3 d5 6. Nbd2 c5 7. e4 Nc6 8.
exd5 Nxd5 9. Re1 Bf5 10. Nc4 Rc8 11. h3 Nd4 12. g4 Nxf3+ 13. Qxf3 Be6 14.
c3 b5 15. Ne5 Qd6 16. Qe2 b4 17. Bd2 bxc3 18. bxc3 Rb8 19. f4 Rb2 20. Nc4
Nxc3 21. Bxc3 Rxe2 22. Nxd6 Rxe1+ 23. Rxe1 Bxc3 24. Rxe6 fxe6 25. Ne4 Bd4+
26. Kf1 Rxf4+ 27. Ke2 Rf8 28. Bf3 h6 29. Nd2 Rb8 30. Nc4 Rb1 31. Be4 Kg7
32. Bc6 Ra1 33. a4 Ra2+ 34. Kf3 Kf6 35. Kg3 Rc2 36. Be4 h5 37. gxh5 gxh5
38. Bf3 Rc3 39. Be4 Kg5 40. h4+ Kf6 41. Kf3 Rc2 42. Kg3 Bf2+ 43. Kh3 Be1
44. Bf3 Rc3 45. Be4 e5 46. Ne3 e6 47. Nc4 Bf2 48. Nd2 Rc1 49. Nf3 Be3 50.
Kg2 Bf4 51. Kf2 Rc2+ 52. Kf1 Ra2 53. Bc6 Kf5 54. Be4+ Kg4 55. Ne1 Kxh4 0-1

[Event "World Blitz 2023"]
[Site "Samarkand UZB"]
[Date "2023.12.29"]
[EventDate "2023.12.29"]
[Round "4.73"]
[Result "1/2-1/2"]
[White "O`Gorman, Tom"]
[Black "Roman Shogdzhiev"]
[WhiteElo "2288"]
[BlackElo "2117"]
[PlyCount "110"]

1. d4 d5 2. c4 c6 3. cxd5 cxd5 4. Nc3 Nf6 5. Bf4 Nc6 6. e3 Bg4 7. f3 Bd7 8.
Bd3 e6 9. Bg3 Be7 10. f4 O-O 11. Nf3 a6 12. Ne5 Ne8 13. Qf3 Nd6 14. O-O b5
15. Rac1 Rc8 16. f5 b4 17. fxe6 fxe6 18. Qh5 Nf5 19. Bxf5 Rxf5 20. Rxf5
exf5 21. Nxd5 Nxe5 22. Rxc8 Bxc8 23. Nxe7+ Qxe7 24. Bxe5 Be6 25. b3 Qf7 26.
Qg5 Qd7 27. h4 Kf8 28. h5 h6 29. Qf4 Bf7 30. Qf3 Kg8 31. Qg3 Bxh5 32. d5
Bg4 33. d6 Kf7 34. Qf4 Qb5 35. Qd4 Ke6 36. Bf4 g5 37. Bg3 Qd5 38. Qg7 Qd1+
39. Kh2 f4 40. Qxh6+ Kd7 41. exf4 gxf4 42. Qxf4 Be6 43. Qe5 Qg4 44. Qc5 Ke8
45. Qc6+ Bd7 46. Qa8+ Kf7 47. Qd5+ Qe6 48. Qxe6+ Kxe6 49. Kh3 Bc6 50. Be1
Kxd6 51. Bxb4+ Ke5 52. g4 Be4 53. Bc3+ Ke6 54. Kh4 Bb1 55. a3 Bc2 1/2-1/2

[Event "World Blitz 2023"]
[Site "Samarkand UZB"]
[Date "2023.12.29"]
[EventDate "2023.12.29"]
[Round "4.74"]
[Result "0-1"]
[White "Miraziz Kuziev"]
[Black "Nikolay Averin"]
[WhiteElo "2196"]
[BlackElo "2283"]
[PlyCount "156"]

1. d4 d5 2. c4 e6 3. Nc3 Nf6 4. cxd5 exd5 5. Bg5 c6 6. e3 Bd6 7. Bd3 Nbd7
8. Nf3 Nf8 9. Qc2 Ng6 10. O-O-O h6 11. Bxg6 hxg5 12. Nxg5 fxg6 13. Qxg6+
Kd7 14. Nf7 Qe8 15. Qxg7 Rh7 16. Ne5+ Ke6 17. Qg5 Rh5 18. Qf4 Rf5 19. Qg3
Bxe5 20. dxe5 Rxe5 21. f4 Rh5 22. e4 dxe4 23. Rhe1 Kf7 24. h3 Rc5 25. Qe3
Qe7 26. Kb1 Nd5 27. Nxd5 cxd5 28. g4 b6 29. f5 Ba6 30. Qg3 Rac8 31. a3 Qc7
32. Qh4 Kg8 33. f6 Bd3+ 34. Ka1 Qf7 35. Qg5+ Kh7 36. Qf5+ Qg6 37. Qd7+ Kh8
38. f7 Kg7 39. Rxd3 exd3 40. Re8 Rc1+ 41. Ka2 Qxf7 42. Re7 Rf8 43. Rxf7+
Rxf7 44. Qxd5 Rd1 45. h4 d2 46. h5 Rff1 47. Qg5+ Kf7 48. Qg6+ Ke7 49. Qe4+
Kd6 50. Qd4+ Kc6 51. Qc4+ Kb7 52. Qd5+ Ka6 53. Qd3+ Kb7 54. Qd7+ Kb8 55.
Kb3 Rf3+ 56. Ka4 Rf4+ 57. Kb5 Rc1 58. Qd6+ Kb7 59. Qd5+ Kb8 60. Qd6+ Rc7
61. Qd8+ Kb7 62. Qd5+ Kb8 63. Qd8+ Rc8 64. Qd6+ Kb7 65. Qd5+ Kb8 66. Qd6+
Rc7 67. Qd8+ Kb7 68. Qd5+ Kc8 69. Qg8+ Kb7 70. Qd5+ Kc8 71. Qg8+ Kd7 72.
Qd5+ Kc8 73. Qg8+ Kd7 74. Qd5+ Kc8 75. Qg8+ Kb7 76. Qd5+ Kb8 77. Qd8+ Rc8
78. Qd5 Rc5+ 0-1

[Event "World Blitz 2023"]
[Site "Samarkand UZB"]
[Date "2023.12.29"]
[EventDate "2023.12.29"]
[Round "4.75"]
[Result "1/2-1/2"]
[White "Sinisa Drazic"]
[Black "Felix Xie"]
[WhiteElo "2276"]
[BlackElo "2107"]
[PlyCount "282"]

1. d4 Nf6 2. Bg5 b6 3. Nd2 Bb7 4. f3 d5 5. e3 e6 6. Bb5+ c6 7. Ba4 h6 8.
Bh4 Nbd7 9. c3 b5 10. Bc2 c5 11. Ne2 Be7 12. O-O O-O 13. Kh1 Ne8 14. Bg3
Bd6 15. e4 Bxg3 16. hxg3 Rc8 17. Bd3 Qb6 18. a3 e5 19. exd5 Bxd5 20. Bf5
Be6 21. Bxe6 Qxe6 22. Ne4 Nef6 23. Nxf6+ Nxf6 24. dxe5 Qxe5 25. Nf4 Nh5 26.
Nxh5 Qxh5+ 27. Kg1 Qg5 28. g4 Rcd8 29. Qe2 c4 30. Rad1 Rfe8 31. Qf2 Rd3 32.
Qxa7 Re2 33. Rde1 Rdd2 34. Rxe2 Rxe2 35. Rf2 Qc1+ 36. Kh2 Qf4+ 37. Kh3 Re1
38. g3 Qc1 39. Rh2 Re8 40. Qf2 Re1 41. Qd2 Qb1 42. f4 Re8 43. Qf2 Rd8 44.
f5 Rd3 45. Qe2 Rd8 46. Qf2 Qe4 47. Qe2 Qd5 48. Qg2 Qd1 49. Qe2 Qd5 50. Qg2
Qd1 51. Qe2 Qd5 52. Qf2 Re8 53. Qd2 Qf3 54. Qg2 Qe3 55. Qf2 Qg5 56. Qf4 Qd8
57. Qf3 Qd6 58. Rf2 f6 59. Re2 Rd8 60. Qe4 Kh7 61. Qf3 Qd1 62. Rf2 Qe1 63.
Rf1 Qe8 64. Rd1 Rxd1 65. Qxd1 Qe3 66. Qc2 Qg5 67. Qe2 Qc1 68. Kg2 Qb1 69.
Kf2 Qc1 70. Kf3 Qb1 71. Ke3 Qg1+ 72. Kf4 Qb1 73. Qf2 Qc1+ 74. Ke4 Qb1+ 75.
Kd5 Qd3+ 76. Kc5 Qe4 77. Qf4 Qc2 78. Kxb5 Qb3+ 79. Kc5 Qxb2 80. Kxc4 Qxa3
81. Kd4 Qa4+ 82. Ke3 Qb3 83. Qd4 Qb8 84. Kf2 Qb2+ 85. Kf3 Qb7+ 86. Ke3 Qb8
87. Qf4 Qb6+ 88. Kd3 Qd8+ 89. Kc2 Qa5 90. c4 Qa2+ 91. Kc3 Qa3+ 92. Kd4 Qa1+
93. Kd5 Qa8+ 94. Kd6 Qb8+ 95. Kd7 Qa7+ 96. Kd6 Qb8+ 97. Ke6 Qb6+ 98. Kd5
Qb7+ 99. Kc5 Qa7+ 100. Kd5 Qb7+ 101. Kd4 Qd7+ 102. Kc3 Qc6 103. Qe3 Qa6
104. Qf4 Qa1+ 105. Kd3 Qa3+ 106. Ke4 Qa8+ 107. Kd4 Qd8+ 108. Kc3 Qa5+ 109.
Kb3 Qb6+ 110. Kc2 Qb4 111. Qe4 Qa4+ 112. Kd2 Qb4+ 113. Ke2 Qb2+ 114. Kf3
Qc3+ 115. Kg2 Qd2+ 116. Kh3 Qc1 117. Kh2 Qd2+ 118. Kg1 Qc1+ 119. Kf2 Qb2+
120. Qe2 Qd4+ 121. Kg2 Qc3 122. Qe4 Qd2+ 123. Kf3 Qc3+ 124. Ke2 Qxg3 125.
c5 Qh2+ 126. Kd3 Qg3+ 127. Kc4 Qa3 128. Kd5 Qa8+ 129. c6 Qa5+ 130. Ke6 Qd8
131. Qd5 Qg8+ 132. Kd6 Qd8+ 133. Kc5 Qa5+ 134. Kd4 Qd2+ 135. Kc4 Qa2+ 136.
Kc5 Qa5+ 137. Kd4 Qd2+ 138. Ke4 Qg2+ 139. Kd4 Qd2+ 140. Kc5 Qa5+ 141. Kc4
Qa2+ 1/2-1/2

[Event "World Blitz 2023"]
[Site "Samarkand UZB"]
[Date "2023.12.29"]
[EventDate "2023.12.29"]
[Round "4.76"]
[Result "0-1"]
[White "Faustino Oro"]
[Black "Mikhail Markov"]
[WhiteElo "2105"]
[BlackElo "2255"]
[PlyCount "108"]

1. e4 c5 2. Nc3 e6 3. Nf3 Nc6 4. d4 cxd4 5. Nxd4 Nf6 6. Ndb5 d6 7. Bf4 Ne5
8. Be2 a6 9. Nd4 b5 10. a3 Bb7 11. f3 Qc7 12. O-O Nc4 13. Bxc4 Qxc4 14. Be3
Be7 15. Qd2 O-O 16. Rad1 Rac8 17. Nce2 Rfd8 18. c3 Nd7 19. Bg5 Bxg5 20.
Qxg5 Qc7 21. Kh1 h6 22. Qg3 d5 23. exd5 Qxg3 24. hxg3 Bxd5 25. Rfe1 Nb6 26.
Nc1 Nc4 27. Nd3 Rd6 28. Kg1 Rcd8 29. Kf2 Bb7 30. Re2 Rd5 31. Rde1 R5d6 32.
Ne5 Nb6 33. g4 f6 34. Ng6 e5 35. Nf5 Rd2 36. f4 e4 37. Nd4 Rxe2+ 38. Rxe2
Nc4 39. f5 e3+ 40. Kg3 Re8 41. Ne6 Bd5 42. Nd4 Kf7 43. Nf4 Bb7 44. Nfe6 g6
45. Nc5 Bc8 46. Kf4 h5 47. fxg6+ Kxg6 48. gxh5+ Kxh5 49. g4+ Kg6 50. Nd3
Bb7 51. Nc5 Bc8 52. Kg3 Re5 53. Nd3 Rg5 54. Nf4+ Kf7 0-1

[Event "World Blitz 2023"]
[Site "Samarkand UZB"]
[Date "2023.12.29"]
[EventDate "2023.12.29"]
[Round "4.77"]
[Result "1-0"]
[White "Mergen Kakabayev"]
[Black "Mustafokhuja Khusenkhojaev"]
[WhiteElo "2255"]
[BlackElo "2082"]
[PlyCount "72"]

1. e4 e5 2. Nf3 Nc6 3. Bb5 a6 4. Ba4 Nf6 5. O-O Be7 6. Re1 b5 7. Bb3 d6 8.
c3 O-O 9. h3 Bb7 10. d4 Re8 11. Nbd2 Bf8 12. a3 h6 13. Bc2 Nb8 14. b4 Nbd7
15. Bb2 a5 16. Bd3 c6 17. Nb3 axb4 18. axb4 Nb6 19. Na5 Qc7 20. Nxb7 Qxb7
21. Rxa8 Qxa8 22. Qb3 Qa4 23. Qxa4 Nxa4 24. Ba1 exd4 25. Nxd4 Rc8 26. Nxc6
Rxc6 27. Bxb5 Rxc3 28. Bxa4 Rc4 29. Rb1 Nxe4 30. Bb3 Rc8 31. Bd5 Nf6 32.
Bxf6 gxf6 33. b5 Be7 34. b6 Rb8 35. b7 Bd8 36. Rc1 1-0

[Event "World Blitz 2023"]
[Site "Samarkand UZB"]
[Date "2023.12.29"]
[EventDate "2023.12.29"]
[Round "4.78"]
[Result "0-1"]
[White "Nikolay Tregubenko"]
[Black "Eldiar Orozbaev"]
[WhiteElo "1955"]
[BlackElo "2236"]
[PlyCount "92"]

1. e4 e6 2. d4 d5 3. Nc3 Nf6 4. e5 Nfd7 5. f4 c5 6. Nf3 Nc6 7. Ne2 f6 8.
exf6 Qxf6 9. c3 Bd6 10. g3 O-O 11. Bh3 cxd4 12. cxd4 Nb6 13. O-O Qe7 14. b3
Bd7 15. Be3 Be8 16. Ng5 Nd8 17. Bf2 Bg6 18. Nc3 h6 19. Nf3 Bh5 20. Qd3 Rc8
21. Rfe1 Bb4 22. Rac1 Bxf3 23. Qxf3 Rc6 24. Qd3 Nf7 25. Re2 Rfc8 26. Rec2
Nd6 27. Ne2 Ne4 28. Rxc6 bxc6 29. Bg2 Nxf2 30. Kxf2 c5 31. Bh3 Nd7 32. Kg2
Nf6 33. Ng1 Ba3 34. Rc2 Ne4 35. Nf3 Rc7 36. dxc5 Bxc5 37. Re2 Bb6 38. Nd4
Rc3 39. Qd1 Kh8 40. Nxe6 Qd6 41. Bf5 Nf6 42. Nd4 Qc5 43. Nf3 d4 44. Qe1
Qxf5 45. Re7 Qd5 46. Qd1 Re3 0-1

[Event "World Blitz 2023"]
[Site "Samarkand UZB"]
[Date "2023.12.29"]
[EventDate "2023.12.29"]
[Round "4.79"]
[Result "1-0"]
[White "Harold Wanyama"]
[Black "Danis Kuandykuly"]
[WhiteElo "2228"]
[BlackElo "1718"]
[PlyCount "72"]

1. d4 Nf6 2. c4 e6 3. g3 d5 4. Bg2 Be7 5. Nf3 O-O 6. O-O dxc4 7. Qc2 a6 8.
a4 Bd7 9. Bg5 Bc6 10. Qxc4 a5 11. Nbd2 Na6 12. Rfe1 Nb4 13. e4 h6 14. Bf4
Nh5 15. Be3 Qe8 16. b3 b5 17. axb5 Bxb5 18. Qc3 Nd3 19. Red1 Bb4 20. Qc2
Bxd2 21. Qxd2 Nb4 22. Ne5 Nf6 23. Rdc1 Qe7 24. Qc3 c6 25. Qc5 Qb7 26. h3
Nd7 27. Nxd7 Qxd7 28. Rd1 Rfb8 29. Rd2 Qc7 30. Bf4 Qd8 31. Bxb8 Rxb8 32. d5
exd5 33. exd5 cxd5 34. Bxd5 Qf6 35. Rxa5 Bd3 36. Ra8 Rxa8 1-0